Statistics for All YouTubers 2

Click here to take the quiz!

General Stats

  • This quiz has been taken 6 times
  • The average score is 2 of 15

Answer Stats

HintAnswer% Correct
In a group called The SidemenKSI
67%
He has played Fortnite with DrakeNinja
67%
"Worlds Largest Pizza Party when I hit 10M Subs"Airrack
50%
"Just killed a woman, feelin' good."TommyInnit
33%
"His name used to be canman18 not camman18."Preston
17%
Old Intro in 2020: "Were playing with 1 Impostor but..."Bazerk
0%
"REAL REAL"BeatboxJCOP
0%
"In today's video.."Doni Bobes
0%
"Hey TheRE SiSTerS"Flamingo
0%
Hes a coding furry.Fundy
0%
He wore 100 Shirts for a video...GeorgeNotFound
0%
She is short and cringe as hell.JellyBean
0%
He shaved his head bald half a month ago.KreekCraft
0%
He uploads on his 2nd channel.nigahiga
0%
He started playing video games when she was only 5!SSniperWolf
0%

Score Distribution

Percentile by Number Answered

Percent of People with Each Score

Your Score History

You have not taken this quiz